| 000 | 01222cad a22002415a 4500 | ||
|---|---|---|---|
| 001 | E147235 | ||
| 008 | 090417s2009 xxkd f s 000 0 eng d | ||
| 035 | _a(Sirsi) u147235 | ||
| 041 | 0 | _aeng | |
| 050 | 0 | 4 | _a333.33 $2 18 |
| 110 | 2 |
_aColliers CRE _95075 |
|
| 245 | 0 | 0 |
_aProperty snapshot _bApril 2009 _h[electronic resource] |
| 260 |
_aLondon _bColliers _c2009 |
||
| 490 | 0 |
_aProperty Snapshot _vApril 2009 |
|
| 520 | _aReports that forecasts of GDP continue to be revised downwards, with the HM Treasury average of new independent forecasts for 2009 falling from -2.8% in mid February to -3.2% in mid March. The average 2010 forecast has also dropped from 0.5% to 0.3%, although the G20 summit has led to a bounce in equity markets. Suggests that various indicators imply that the economy is now bottoming out, with consumer and retail confidence strength being positive for the last two months. | ||
| 521 | _aAdvanced | ||
| 590 | _aKA | ||
| 650 | 2 | 4 | _aCOLLIERS PROPERTY SNAPSHOT |
| 651 | 4 |
_aUnited Kingdom _y |
|
| 690 | _aPROPERTY-COMMERCIAL PROPERTY-COMMERCIAL PROPERTY MARKET | ||
| 856 | 4 | 0 |
_uhttps://www.colliers.com/ _zView this report free of charge under market reports at www.colliers.com... |
| 942 | _n0 | ||
| 999 |
_c109486 _d109486 |
||